00756nam a2200217 a 450000100100000000500170001000800410002704000250006804100130009308200150010610000290012124000390015024500840018926000360027330000210030949000180033070000330034883000270038195201130040899900170052100004457920201002045457.0140717s1968 sp 000 0 spa d aDO-SdBNPbspacBNPHU17aspaheng axxxxbxxxx1 aBarbour, Floyd B.97260410aThe Black Power revoltlEspañol.13aLa revuelta del poder negro /cFloyd B. Barbour ; traducción Miguel Montaner. aBarcelona :bAnagrama,c[1968]. a292 p. ;c20 cm.1 aDocumentosv312aMontaner, Migueletr.972605 0aDocumentos ;n3946535 001050718MOaGRbGRcCTd2014-07-17iLF1l0oxxxx xxxxp44579-10r2020-06-25w2020-06-25y1ZNo se presta c44068d44068